| 000 | 00897nam a2200241Ia 4500 | ||
|---|---|---|---|
| 999 |
_c37839 _d37839 |
||
| 001 | 3817 | ||
| 003 | GE_BSU | ||
| 005 | 20190822173121.0 | ||
| 008 | 181216s1974||||ge |||||||||||||| ||geo|| | ||
| 040 | _cGE_BSU | ||
| 041 | _ageo | ||
| 080 | _a27–14 გ–29 | ||
| 100 |
_aგელაშვილი, ა. _93747 |
||
| 245 |
_aსამყარო, ღმერთი და ადამიანი / _cრედ. რ. მეგრელიშვილი. |
||
| 264 |
_aთბ. : _bსაბჭ. საქართველო, _c1974. |
||
| 300 |
_a138 გვ. ; _b20 სმ. |
||
| 541 | _h40 თეთრი. | ||
| 653 | _a სამყარო | ||
| 653 | _aღმერთის არსებობა | ||
| 653 | _aადამიანის შექმნა | ||
| 700 |
_aმეგრელიშვილი, რ. _eრედაქტორი _93748 |
||
| 942 |
_cBK _2udc |
||